Statistics for Impossible Quiz - Fast Typing to 50

Click here to take the quiz!

General Stats

  • This quiz has been taken 66,053 times
  • The average score is 25 of 50

Answer Stats

% Correct
1
100%
2
98%
3
98%
4
97%
5
96%
6
95%
7
95%
8
94%
9
93%
10
87%
11
85%
12
84%
13
80%
14
79%
15
78%
16
77%
17
75%
18
74%
19
72%
21
68%
20
67%
22
62%
23
59%
24
55%
25
53%
26
51%
27
48%
28
46%
29
44%
30
38%
31
38%
32
33%
33
28%
34
25%
35
21%
36
19%
37
17%
38
16%
41
14%
39
14%
40
12%
42
10%
43
9%
44
8%
45
8%
50
6%
46
5%
47
5%
48
4%
49
4%

Score Distribution

Percentile by Number Answered

Percent of People with Each Score

Your Score History

You have not taken this quiz